000
00299nam a2200109Ia 4500
008
220204s9999 xx 000 0 und d
082
_a
537.533.35(031)
_b
GRA
245
0
_a
Encyclopedia of microscopy and microtechnique
260
_a
New York
_b
Van Nostrand
_c
1973
700
_a
Gray, Peter
942
_c
BK
999
_c
24586
_d
24586